| 000 | 01150nam a22002657a 4500 | ||
|---|---|---|---|
| 005 | 20090718161253.0 | ||
| 008 | 090714t xxu||||| |||| 00| 0 hin d | ||
| 010 | _aHIN-87339 | ||
| 020 | _c225.00 | ||
| 035 | _aHN-59685 | ||
| 037 | _bDBAD / PUB | ||
| 040 |
_adpl _bhn |
||
| 082 | _a230.3 | ||
| 245 |
_aत्रिवेणी / _cविवेक कुमार सिंह द्वारा संपादित |
||
| 246 |
_aTriveni _bedited by Vivek Kumar Singh |
||
| 260 |
_aफर्रूखाबाद _bविवेक प्रकाशन _c2009 |
||
| 270 |
_aराजेपुर _bफर्रूखाबाद _e209621 _k05692-310214, 9621453480 |
||
| 300 |
_a150पृ. _c22सेमी(सजिल्द) |
||
| 650 | _aअध्यात्मवाद | ||
| 650 | _aSpritualism | ||
| 650 | _aहिन्दू धर्म | ||
| 650 | _aHinduism | ||
| 942 |
_2ddc _cHN _mविवेक _h230.3 |
||
| 999 |
_c28426 _d28426 |
||